Influencer : (Record no. 24293)
[ view plain ]
| 000 -LEADER | |
|---|---|
| fixed length control field | 00779nam a2200253 a 4500 |
| 003 - CONTROL NUMBER IDENTIFIER | |
| control field | PILC |
| 005 - DATE AND TIME OF LATEST TRANSACTION | |
| control field | 20160216100621.0 |
| 008 - FIXED-LENGTH DATA ELEMENTS--GENERAL INFORMATION | |
| fixed length control field | 110104s19uu xx 00 eng d |
| 020 ## - INTERNATIONAL STANDARD BOOK NUMBER | |
| International Standard Book Number | 9780071484992 |
| 050 ## - LIBRARY OF CONGRESS CALL NUMBER | |
| Classification number | BF 774 |
| Item number | .In54 2008 |
| 100 ## - MAIN ENTRY--PERSONAL NAME | |
| Personal name | Patterson, Kerry. |
| 245 ## - TITLE STATEMENT | |
| Title | Influencer : |
| Remainder of title | the power to change anything / |
| Statement of responsibility, etc | Kerry Patterson, Joseph Grenny, David Maxfield, Ron McMillan, Al Switzler. |
| 260 ## - PUBLICATION, DISTRIBUTION, ETC. (IMPRINT) | |
| Place of publication, distribution, etc | USA : |
| Name of publisher, distributor, etc | VitalSmart, |
| Date of publication, distribution, etc | 2008. |
| 300 ## - PHYSICAL DESCRIPTION | |
| Extent | 297 pages ; |
| Dimensions | 26 cm. |
| 500 ## - GENERAL NOTE | |
| General note | Includes bibliographical references and index. |
| 650 ## - SUBJECT ADDED ENTRY--TOPICAL TERM | |
| Topical term or geographic name as entry element | Influence (Psychology). |
| 700 ## - ADDED ENTRY--PERSONAL NAME | |
| Personal name | Kerry Patterson. |
| 700 ## - ADDED ENTRY--PERSONAL NAME | |
| Personal name | Joseph Grenny. |
| 700 ## - ADDED ENTRY--PERSONAL NAME | |
| Personal name | David Maxfield. |
| 700 ## - ADDED ENTRY--PERSONAL NAME | |
| Personal name | Ron McMillan. |
| 700 ## - ADDED ENTRY--PERSONAL NAME | |
| Personal name | Al Switzler. |
| 942 ## - ADDED ENTRY ELEMENTS (KOHA) | |
| Koha item type | Books |
| Source of classification or shelving scheme | Library of Congress Classification |
| Call number prefix | Foreign |
| Withdrawn status | Lost status | Source of classification or shelving scheme | Damaged status | Home library | Current library | Shelving location | Date acquired | Source of acquisition | Cost, normal purchase price | Total Checkouts | Full call number | Barcode | Date last seen | Date checked out | Copy number | Price effective from | Koha item type |
|---|---|---|---|---|---|---|---|---|---|---|---|---|---|---|---|---|---|
| Library of Congress Classification | College Library | College Library | General Circulation Section | 01/04/2011 | Library Fund | 1485.00 | 2 | BF 774 .In54 2008 | C11873 | 05/15/2018 | 08/23/2016 | 1 | 10/18/2013 | Books |